000 00353nam a2200157Ia 4500
003 Ost
005 20260225132540.0
008 260225s9999||||xx |||||||||||||| ||und||
040 _cfsic
041 _afre
082 _a70.4
100 _aGabriel thoveron
_eAuteur
245 0 _aHistoire des médias /
245 0 _cGabriel thoveron
942 _cكتاب
999 _c33464
_d33464